| 000 | 00474cam a2200181 a 4500 | ||
|---|---|---|---|
| 020 | _a1574882856 (alk. paper) | ||
| 040 | _cDLC | ||
| 041 | 1 | _hfre | |
| 082 | 0 | 0 | _a940 BRA 2000 A100 Or. |
| 100 | 1 | _aSajer, Guy. | |
| 245 | 1 | 4 | _aThe forgotten soldier / |
| 260 |
_aWashington, D.C. : _bBrassey's, _cc2000. |
||
| 300 |
_a465 p., [32] p. of plates : _bill. ; _c24 cm. |
||
| 650 | 0 | _aWorld War, 1939-1945 | |
| 650 | 0 | _aWorld War, 1939-1945 | |
| 650 | 0 | _aSoldiers | |
| 942 | _cEK | ||
| 999 |
_c12207 _d12207 |
||